书目信息 |
| 题名: |
歌唱艺术与训练
|
|
| 作者: | 张淑芳 主编 | |
| 分册: | ||
| 出版信息: | 重庆 重庆大学出版社 2001.09 |
|
| 页数: | 312页 | |
| 开本: | 20cm | |
| 丛书名: | ||
| 单 册: | ||
| 中图分类: | J616.2 | |
| 科图分类: | ||
| 主题词: | 音乐--技术--理论 , 音乐--技术--方法 | |
| 电子资源: | ||
| ISBN: | 7-5624-2474-8 | |
| 000 | 00564nam0 2200193 45 | |
| 001 | 0432915240 | |
| 005 | 20041126085212.66 | |
| 010 | @a7-5624-2474-8@dCNY 15.00 | |
| 100 | @a20040425d2001 km y0chiy0120 ea | |
| 101 | 0 | @achi |
| 200 | 1 | @a歌唱艺术与训练@AGe Chang Yi Shu Yu Xun Lian@f张淑芳主编@Fzhang shu fang zhu bian |
| 210 | @a重庆@c重庆大学出版社@d2001.09 | |
| 215 | @a312页@d20cm | |
| 606 | 0 | @a音乐@x技术@x理论 |
| 606 | 0 | @a音乐@x技术@x方法 |
| 690 | @aJ616.2@v4 | |
| 701 | 0 | @a张淑芳@Azhang shu fang@4主编 |
| 801 | 0 | @aCN@bPFT@c20041126 |
| 905 | @dJ616.2@eZ170 | |
| 歌唱艺术与训练/张淑芳主编.-重庆:重庆大学出版社,2001.09 |
| 312页;20cm |
| ISBN 7-5624-2474-8:CNY 15.00 |
| ● |
| 相关链接 |
|
|
|
正题名:歌唱艺术与训练
索取号:J616.2/Z170
 
预约/预借
| 序号 | 登录号 | 条形码 | 馆藏地/架位号 | 状态 | 备注 |
| 1 | 427468 | 204274686 | 社科库309/309社科库 92排3列1层/ [索取号:J616.2/Z170] | 在馆 | |
| 2 | 427469 | 204274695 | 社科库309/309社科库 92排3列1层/ [索取号:J616.2/Z170] | 在馆 | |
| 3 | 427470 | 204274702 | 社科库309/309社科库 92排3列1层/ [索取号:J616.2/Z170] | 在馆 |